Statistiques concernant Quizlendrier de l'Avent #21 - Traduction de Noël aléatoire (anglais)

Cliquez ici pour prendre le quiz!

Statistiques générales

  • Ce quiz a été pris 266 fois
  • Le résultat moyen est 7 sur 10

Statistiques - réponses

Mots anglaisTraductions françaises% Correct
SnowmanBonhomme de neige
100%
PresentsCadeaux
100%
WinterHiver
100%
Merry Christmas!Joyeux Noël!
100%
ChristmasNoël
100%
North PolePôle Nord
100%
SockChaussette
96%
TurkeyDinde
96%
Christmas treeSapin de Noël
95%
CandleBougie
94%
ToyJouet
94%
ListListe
94%
Christmas marketMarché de Noël
94%
SnowNeige
94%
Santa ClausPère Noël
94%
ChimneyCheminée
92%
SnowflakeFlocon de neige
92%
AngelAnge
91%
CandyBonbon
88%
BellCloche
88%
ElfElfe
88%
StarEtoile
88%
ReindeerRenne
85%
Advent calendarCalendrier de l'Avent
83%
OysterHuître
79%
GingerbreadPain d'épices
79%
AdventAvent
68%
OrnamentsDécorations
67%
Candy caneSucre d'orge
64%
GooseOie
60%
Christmas eveRéveillon de Noël
59%
SleighTraineau
59%
GarlandGuirlande
50%
RibbonRuban
50%
PoinsettiaPoinsettia
41%
Christmas carolChant de Noël
40%
Nativity sceneCrèche
38%
SackHotte
36%
Yule logBûche
33%
MistletoeGui
28%
Christmas baubleBoule de Noël
23%
HollyHoux
23%
BowNœud
14%
MassMesse
8%
Boxing dayLendemain de Noël
0%
Wise MenRois Mages
0%

Distribution des résultats

Percentile par nombre de réponses

% des personnes avec chaque résultat

Votre développement - résultats

Vous n’avez pas pris ce quiz